| 000 | 00487nam a2200205Ia 4500 | ||
|---|---|---|---|
| 008 | 150909s9999 xx 000 0 und d | ||
| 041 | _aEnglish | ||
| 082 | _a589.3 | ||
| 082 | _bFRI/ST | ||
| 100 | _aFritsch F E | ||
| 100 | _eAuthor | ||
| 245 | _aStructure and reproduction of the the algaeV.1 | ||
| 260 | _aNew Delhi | ||
| 260 | _bVikas publishing house Pvt Ltd | ||
| 260 | _c1977 | ||
| 300 | _a791 Pages | ||
| 650 | _aAlgology | ||
| 650 | _aFlagellata | ||
| 942 | _cBK | ||
| 999 |
_c250938 _d250938 |
||